00616nam a22001697a 450000500170000000800410001702000150005808200200007310000190009324500710011226000380018349000070022165000210022894200070024999900170025695201730027320260408113402.0260408b |||||||| |||| 00| 0 eng d a0424000016 a352.0944bLAR-T aLarcombe, F.A. aThe Stabilization of Local Government in New South Wales 1858-1906 aSydneybNorth South Americac1976 vII aAllied Material  cBK c47248d47248 00w2026-04-081040708Allied Material aAUSCbAUSCcAllied Materials d2026-04-08eGifted By Dr. Salman Hasan l0o352.0944 LAR-TpAUHEG0032r2026-04-08 11:35:33yBK